| 000 | 00619cam a22002054a 4500 | ||
|---|---|---|---|
| 005 | 20250605164155.0 | ||
| 008 | 250528s ||||||||||||||||||||||||d | ||
| 035 | _a19551 | ||
| 020 | _a9600105391 | ||
| 040 |
_aGR-AtMCL _bgre _dGR-AtMCL _eAACR2 |
||
| 245 | 1 | _aΚΑΤΑΝΟΩΝΤΑΣ ΤΟΝ ΚΑΠΙΤΑΛΙΣΜΟ / ΑΝΤΑΓΩΝΙΣΜΟΣ, ΕΝΤΟΛΗ ΚΑΙ ΜΕΤΑΒΟΛΗ ΣΤΗΝ ΟΙΚΟΝΟΜΙΑ ΤΩΝ ΗΠΑ | |
| 250 | _a3 | ||
| 260 |
_bGutenberg, _c1998 |
||
| 300 | _a303 | ||
| 700 | 1 |
_aBowles Samuel _94709 |
|
| 700 | 1 |
_aEdwards Richard _94710 |
|
| 942 | _cBK | ||
| 999 |
_c4807 _d4807 |
||